000 00315nam a22001337a 4500
020 _qPB.
040 _cFIZZA ISHAQ
082 _a005.1
_bJON
100 _aKLEINBERG,JON.
_989749
245 _aALGORITHM DESIGN /
_cJON KLEINBERG.
260 _aNEW DEHLI ;
_bPEARSON,
_c2014.
300 _a824 P. ;
942 _2ddc
_cBK
999 _c588336
_d588336